Block by block : (Record no. 352154)

000 -LEADER
fixed length control field 00773 a2200229 4500
003 - CONTROL NUMBER IDENTIFIER
control field OSt
005 - DATE AND TIME OF LATEST TRANSACTION
control field 20180116192325.0
008 - FIXED-LENGTH DATA ELEMENTS--GENERAL INFORMATION
fixed length control field 120215t xxu||||| |||| 00| 0 eng d
010 ## - LIBRARY OF CONGRESS CONTROL NUMBER
LC control number 2007934632
020 ## - INTERNATIONAL STANDARD BOOK NUMBER
International Standard Book Number 0960689257
040 ## - CATALOGING SOURCE
Transcribing agency 0
082 ## - DEWEY DECIMAL CLASSIFICATION NUMBER
Classification number 307.120974
245 00 - TITLE STATEMENT
Title Block by block :
Remainder of title Jane Jacobs and the future of New York /
Statement of responsibility, etc. [edited by] Timothy Mennel, Jo Steffens, Christopher Klemek.
260 ## - PUBLICATION, DISTRIBUTION, ETC.
Place of publication, distribution, etc. New York :
Name of publisher, distributor, etc. Municipal Art Society of New York,
Date of publication, distribution, etc. 2007.
300 ## - PHYSICAL DESCRIPTION
Extent p. cm.
600 ## - SUBJECT ADDED ENTRY--PERSONAL NAME
Personal name Jacobs, Jane
Dates associated with a name 1916-2006
650 ## - SUBJECT ADDED ENTRY--TOPICAL TERM
Topical term or geographic name entry element City planning
650 ## - SUBJECT ADDED ENTRY--TOPICAL TERM
Topical term or geographic name entry element Influence (Literary, artistic, etc.
651 ## - SUBJECT ADDED ENTRY--GEOGRAPHIC NAME
Geographic name New York (State)
Geographic subdivision New York
942 ## - ADDED ENTRY ELEMENTS (KOHA)
Institution code [OBSOLETE] SADA
Koha item type Book
Call number prefix 307.120974 BLO 2077
Source of classification or shelving scheme
Holdings
Withdrawn status Lost status Source of classification or shelving scheme Damaged status Not for loan Permanent Location Current Location Date acquired Total Checkouts Full call number Barcode Date last seen Date last checked out Cost, replacement price Price effective from Koha item type
          School of Art Design and Architecture (SADA) School of Art Design and Architecture (SADA) 09/17/2010 1 307.120974 BLO 2077 SADA0000152 10/11/2024 09/18/2024 1451.00 08/05/2011 Book
© 2023 Central Library, National University of Sciences and Technology. All Rights Reserved.